00759nam a22002297a 450000100060000000300080000600500170001400800410003103500190007204000260009104100080011708200240012510000330014924501010018226000360028330000250031950400200034450500520036465000300041670000450044670000380049135376BD-RjUL20211209052317.0140524s1977 ii s 001 0 eng d a(BD-RjUL)35470 aBD-RjULbengcBD-RjUL aeng a519.5bGOO V-1 19771 aGoon, A. M.q(Atindra Mohan) aAn outline of statistical theory /cby Atindra Mohan Goon; Milan Kumar Gupta; Bhagabat Dasgupta. aCalcutta :bWorld press,c1977. aix, 488 p. ;c21 cm. aIncludes index. av. 1. Probability and probability distribution. 0aMathematical statistics. 1 aGupta, M. K. [joint au.]q( Milan Kumar)1 aDasgupta, B.q(Bhagabat Dasgupta)